| 000 | 00768nam a22002417a 4500 | ||
|---|---|---|---|
| 999 |
_c33698 _d33698 |
||
| 001 | 2977 | ||
| 003 | CO-MdFUSB | ||
| 005 | 20180622073127.0 | ||
| 008 | 180419t1998 sp ||||| |||| 00| 0 spa d | ||
| 020 | _a84-8169-261-1 | ||
| 040 |
_aCO-MdFUSB _bspa _cCO-MdFUSB _dCO-MdFUSBC _erda |
||
| 041 | 0 | _aspa | |
| 082 | 0 | 4 | _aG 227.91 D3466s |
| 100 | 1 |
_aDe León Azcárate, Juan Luis (1964-) _eautor |
|
| 245 | 0 |
_aSantiago, el hermano del Señor _c / Juan Luis de León Azcárate |
|
| 264 | 4 |
_aEstella, Navarra : _bVerbo Divino, _c©1998 |
|
| 300 | _a261 Pag. | ||
| 336 |
_2rdacontent _atexto _btxt |
||
| 337 |
_2rdamedia _asin mediación _bn |
||
| 338 |
_2rdacarrier _avolumen _bnc |
||
| 653 | _aSantiago (Personaje bíblico) en la literatura cristiana primitiva | ||
| 942 | _cBK | ||